000
00311 a2200157 4500
001
162229
020
_a
85-259-0032-X
040
_c
Magnum
100
_a
GuimarĂ£es, Marcia Meyer
240
1
0
_a
Iara
_l
por
245
1
0
_a
Iara
300
_a
12
362
0
_a
1990
697
_a
LITERATURA INFANTO
942
_c
BK
999
_c
162229
_d
162229